[Event "Campeonato de Aragon por Equipos 2025 - "]
[Site "?"]
[Date "2025.03.15"]
[Round "8.57"]
[White "Garcia Garcia, Enrique"]
[Black "Muro Turon, Raul"]
[Result "1-0"]
[WhiteElo "1881"]
[BlackElo "1879"]
[PlyCount "77"]
[GameId "2158178781622506"]
[EventDate "2025.01.25"]
[WhiteTeam "Dr. Azua"]
[BlackTeam "Tauste"]

1. e4 e5 2. Nf3 Nc6 3. Bb5 Nge7 4. O-O Ng6 5. d4 exd4 6. Nxd4 Be7 7. Nf5 Bf6 8. Nc3 Nge7 9. Ng3 O-O 10. Be3 d6 11. f4 Ng6 12. Nh5 Re8 13. Nxf6+ Qxf6 14. Nd5 Qd8 15. f5 Nge5 16. Qh5 f6 17. Nxc7 Re7 18. Nxa8 Bd7 19. Rad1 Qxa8 20. Rxd6 a6 21. Ba4 Be8 22. Qd1 Bf7 23. Bb3 Nc4 24. Bxc4 Bxc4 25. Re1 Rxe4 26. b3 Bf7 27. Rd7 Qe8 28. Bf2 Rxe1+ 29. Bxe1 h6 30. Rxb7 Qe5 31. Bg3 Qe3+ 32. Bf2 Qe5 33. Rd7 Qxf5 34. Rd6 Ne5 35. Bg3 Bh5 36. Qd5+ Bf7 37. Qd2 Bg6 38. Bxe5 Qxe5 39. Qd5+ 1-0

[Event "Campeonato de Aragon por Equipos 2025 - "]
[Site "?"]
[Date "2025.03.15"]
[Round "8.58"]
[White "San Lazaro Lorente, David"]
[Black "Cajo Esteban, Ruben"]
[Result "1/2-1/2"]
[WhiteElo "1825"]
[BlackElo "1867"]
[PlyCount "53"]
[GameId "2158178781663467"]
[EventDate "2025.01.25"]
[WhiteTeam "Tauste"]
[BlackTeam "Dr. Azua"]

1. d4 d5 2. Nf3 Nf6 3. e3 e6 4. Bd3 c5 5. b3 Nbd7 6. O-O Bd6 7. Bb2 O-O 8. Nbd2 b6 9. Ne5 Bb7 10. Ndf3 Rc8 11. Nxd7 Nxd7 12. Qe2 Qc7 13. Bb5 cxd4 14. Bxd7 Qxd7 15. exd4 Qc7 16. c3 a6 17. Rfe1 b5 18. b4 Qc4 19. Ne5 Qxe2 20. Rxe2 Bxe5 21. Rxe5 Rc6 22. a4 bxa4 23. Rxa4 Ra8 24. Re1 Rb6 25. Ra5 Rb5 26. Rea1 Rxa5 27. Rxa5 1/2-1/2

[Event "Campeonato de Aragon por Equipos 2025 - "]
[Site "?"]
[Date "2025.03.15"]
[Round "8.59"]
[White "Abenia Porroche, Roberto"]
[Black "Cuartero Sancho, Argimiro"]
[Result "1-0"]
[WhiteElo "1811"]
[BlackElo "1710"]
[PlyCount "67"]
[GameId "2158178781704428"]
[EventDate "2025.01.25"]
[WhiteTeam "Dr. Azua"]
[BlackTeam "Tauste"]

1. Nf3 d5 2. d4 Nf6 3. g3 Bf5 4. Bg2 e6 5. O-O c6 6. Bf4 Bd6 7. Bxd6 Qxd6 8. Nbd2 Nbd7 9. c4 O-O 10. Qb3 Qc7 11. cxd5 exd5 12. Nh4 Bg6 13. Nxg6 hxg6 14. e4 Nxe4 15. Nxe4 dxe4 16. Bxe4 Nf6 17. Bxg6 Nd5 18. Be4 Rad8 19. Bg2 Rd6 20. Rac1 Qb6 21. Qa3 Rfd8 22. Rc4 Nf6 23. Rb4 Qa6 24. Qxa6 bxa6 25. Ra4 Rxd4 26. Rxa6 Rd2 27. b3 Rb2 28. Rxa7 Rdd2 29. Bxc6 Ng4 30. Be4 g6 31. Rc1 Nxf2 32. Bxg6 Nh3+ 33. Kf1 Rf2+ 34. Ke1 1-0

[Event "Campeonato de Aragon por Equipos 2025 - "]
[Site "?"]
[Date "2025.03.15"]
[Round "8.60"]
[White "Dolz Barea, Guillermo"]
[Black "Felipo Martinez, Marcos"]
[Result "1-0"]
[WhiteElo "1818"]
[BlackElo "2010"]
[PlyCount "78"]
[GameId "2158178781737197"]
[EventDate "2025.01.25"]
[WhiteTeam "Iberajedrez Mundo 64 C"]
[BlackTeam "MyInvestor Casablanca C"]

1. d4 Nf6 2. Nf3 d5 3. Bf4 c5 4. c3 Nc6 5. e3 Qb6 6. Qc2 Bf5 7. dxc5 Bxc2 8. cxb6 a6 9. Na3 Be4 10. Rd1 e6 11. Bd3 Bxa3 12. bxa3 Bxd3 13. Rxd3 Nd7 14. Bc7 Na5 15. Nd2 Nc5 16. Rd4 Nc6 17. Rg4 g6 18. Nb3 Nd7 19. O-O Nce5 20. Ra4 Nd3 21. Rb1 Rc8 22. Rd4 N3c5 23. Na5 Ke7 24. c4 Nf6 25. Rc1 dxc4 26. Rdxc4 Nd3 27. R1c2 Nd5 28. Nxb7 Rb8 29. Bd6+ Kf6 30. Bxb8 Rxb8 31. Nc5 Ne5 32. b7 Ke7 33. Ra4 Nc7 34. Rb2 a5 35. Rb1 Nc6 36. f4 Nd5 37. Na6 Nc3 38. Nxb8 Nxb8 39. Rxa5 Nxb1 1-0

[Event "Campeonato de Aragon por Equipos 2025 - "]
[Site "?"]
[Date "2025.03.15"]
[Round "8.61"]
[White "Antonano Fernandez-Quincoces, Avelino"]
[Black "Martinez Sanz, Pablo"]
[Result "1/2-1/2"]
[WhiteElo "1978"]
[BlackElo "1784"]
[PlyCount "112"]
[GameId "2158178781774062"]
[EventDate "2025.01.25"]
[WhiteTeam "MyInvestor Casablanca C"]
[BlackTeam "Iberajedrez Mundo 64 C"]

1. e4 c5 2. Nf3 d6 3. d4 cxd4 4. Nxd4 Nf6 5. Nc3 a6 6. Bc4 e6 7. O-O Be7 8. a4 Qc7 9. Qe2 Nc6 10. Nxc6 bxc6 11. Bf4 Qb6 12. e5 Nd5 13. Bxd5 cxd5 14. Nxd5 exd5 15. exd6 Be6 16. dxe7 Kxe7 17. a5 Qc6 18. Ra3 Rhc8 19. Rc3 Qa4 20. Rxc8 Rxc8 21. Qxa6 Qxf4 22. c3 Qc4 23. Qb6 Qc6 24. Qd4 Kf8 25. Ra1 Ra8 26. Qd3 g6 27. b4 Qc4 28. Qxc4 dxc4 29. b5 Bd7 30. b6 Bc8 31. Ra4 Ba6 32. Rb4 Rb8 33. f3 Ke7 34. Kf2 Kd6 35. Ke3 Kc6 36. Kf4 f6 37. g4 h6 38. h4 Rb7 39. h5 gxh5 40. gxh5 Rg7 41. Kf5 Rg5+ 42. Kxf6 Rxh5 43. b7 Bxb7 44. Rxc4+ Kb5 45. Rb4+ Ka6 46. f4 Rxa5 47. Kg6 Rc5 48. f5 Rxc3 49. f6 Bd5 50. Kxh6 Rg3 51. Rf4 Bf7 52. Rf5 Rg6+ 53. Kh7 Kb6 54. Rf2 Kc6 55. Rf1 Kd7 56. Ra1 Rxf6 1/2-1/2

[Event "Campeonato de Aragon por Equipos 2025 - "]
[Site "?"]
[Date "2025.03.15"]
[Round "8.62"]
[White "Gordo Escalada, Fernando"]
[Black "Cebollada Pacheco, Jesus Raul"]
[Result "1/2-1/2"]
[WhiteElo "1754"]
[BlackElo "1942"]
[PlyCount "75"]
[GameId "2158178781806831"]
[EventDate "2025.01.25"]
[WhiteTeam "Iberajedrez Mundo 64 C"]
[BlackTeam "MyInvestor Casablanca C"]

1. e4 e5 2. Nf3 Nc6 3. Bb5 a6 4. Ba4 Nf6 5. O-O Be7 6. Re1 b5 7. Bb3 d6 8. c3 O-O 9. a4 Bb7 10. d4 Na5 11. Bc2 Nd7 12. b4 Nc4 13. Nbd2 Nxd2 14. Bxd2 Re8 15. axb5 axb5 16. Qe2 c6 17. Be3 Bf6 18. dxe5 dxe5 19. Red1 Rxa1 20. Rxa1 Qc7 21. Nd2 Nb6 22. Nb3 Na4 23. Nc5 Nxc5 24. Bxc5 Ra8 25. Rxa8+ Bxa8 26. Qd2 Bb7 27. Bb3 Bc8 28. Qd6 Qxd6 29. Bxd6 Be6 30. Bxe6 fxe6 31. Kf1 Kf7 32. Ke2 Ke8 33. Kd3 Kd7 34. Bb8 Kc8 35. Bd6 Kd7 36. Bc5 Bg5 37. c4 g6 38. cxb5 1/2-1/2

[Event "Campeonato de Aragon por Equipos 2025 - "]
[Site "?"]
[Date "2025.03.15"]
[Round "8.63"]
[White "Malo Guillen, Jose Luis"]
[Black "Cid Royo, Jonathan"]
[Result "1/2-1/2"]
[WhiteElo "2093"]
[BlackElo "2132"]
[PlyCount "23"]
[GameId "2158178781860080"]
[EventDate "2025.01.25"]
[WhiteTeam "Las Fuentes"]
[BlackTeam "L'Aurora Estadilla M64"]

1. d4 d5 2. c4 e6 3. Nc3 c6 4. e3 f5 5. Nf3 Nf6 6. Bd3 Be7 7. O-O O-O 8. b3 Bd7 9. a4 Ne4 10. Qc2 Be8 11. Ba3 Bxa3 12. Rxa3 1/2-1/2

[Event "Campeonato de Aragon por Equipos 2025 - "]
[Site "?"]
[Date "2025.03.15"]
[Round "8.64"]
[White "Pellicer Cerezuela, Miguel"]
[Black "Alonso Blasco, Jose Miguel"]
[Result "1/2-1/2"]
[WhiteElo "2042"]
[BlackElo "1938"]
[PlyCount "20"]
[GameId "2158178781970673"]
[EventDate "2025.01.25"]
[WhiteTeam "L'Aurora Estadilla M64"]
[BlackTeam "Las Fuentes"]

1. d4 Nf6 2. Nf3 e6 3. e3 b6 4. Bd3 Bb7 5. O-O c5 6. c3 Nc6 7. Nbd2 d5 8. Re1 Be7 9. b3 O-O 10. Bb2 Rc8 1/2-1/2

[Event "Campeonato de Aragon por Equipos 2025 - "]
[Site "?"]
[Date "2025.03.15"]
[Round "8.66"]
[White "Ayensa Garcia, Miguel Angel"]
[Black "Manguez Cambra, Jose Luis"]
[Result "1/2-1/2"]
[WhiteElo "1998"]
[BlackElo "1841"]
[PlyCount "21"]
[GameId "2158178782064883"]
[EventDate "2025.01.25"]
[WhiteTeam "L'Aurora Estadilla M64"]
[BlackTeam "Las Fuentes"]

1. c4 Nf6 2. Nc3 e6 3. e4 Bb4 4. e5 Bxc3 5. bxc3 Ng8 6. Qg4 Kf8 7. d4 h5 8. Qg3 b6 9. Bd3 Bb7 10. Ba3+ c5 11. Ne2 1/2-1/2

[Event "Campeonato de Aragon por Equipos 2025 - "]
[Site "?"]
[Date "2025.03.15"]
[Round "8.67"]
[White "Gracia Campo, Carlos Alberto"]
[Black "Carraminana Lopez, Luis Antonio"]
[Result "1-0"]
[WhiteElo "2011"]
[BlackElo "1929"]
[PlyCount "65"]
[GameId "2158178782109940"]
[EventDate "2025.01.25"]
[WhiteTeam "El Olivar B"]
[BlackTeam "Helios B"]

1. e4 e5 2. Nf3 Nc6 3. Bc4 Bc5 4. O-O Nf6 5. d3 d6 6. h3 h6 7. c3 O-O 8. Re1 Bb6 9. d4 exd4 10. cxd4 Nxe4 11. Rxe4 d5 12. Bxd5 Qxd5 13. Nc3 Qd8 14. d5 Ne7 15. Nh4 Nf5 16. Qh5 Nxh4 17. Rxh4 Qf6 18. Ne4 Qg6 19. Qe5 f6 20. Qc3 Re8 21. Ng3 Bd7 22. Bf4 Rad8 23. Bxc7 Rc8 24. d6 Qg5 25. Re4 Rxe4 26. Nxe4 Qd5 27. Qf3 Bc6 28. Nxf6+ gxf6 29. Qxd5+ Bxd5 30. d7 Rd8 31. Bxd8 Bxd8 32. Re1 Bf7 33. Re8+ 1-0

[Event "Campeonato de Aragon por Equipos 2025 - "]
[Site "?"]
[Date "2025.03.15"]
[Round "8.68"]
[White "Sgibnev Huayllani, Daniel Vladimir"]
[Black "Veras Sanz, Marino"]
[Result "1/2-1/2"]
[WhiteElo "1759"]
[BlackElo "2004"]
[PlyCount "76"]
[GameId "2158178782146805"]
[EventDate "2025.01.25"]
[WhiteTeam "Helios B"]
[BlackTeam "El Olivar B"]

1. d4 d6 2. Bf4 g6 3. e3 Bg7 4. Nf3 Nf6 5. c4 c5 6. Be2 O-O 7. Nc3 Nc6 8. O-O Nh5 9. Bg5 h6 10. Bh4 cxd4 11. Nxd4 Nf4 12. Bf3 Nxd4 13. exd4 Ne6 14. d5 Nd4 15. Rc1 Nf5 16. Bg3 Nxg3 17. hxg3 Qa5 18. a3 Bd7 19. Re1 Rfe8 20. Qb3 Qc7 21. Re2 Rac8 22. Ne4 b6 23. Rce1 Qxc4 24. Qxc4 Rxc4 25. Nxd6 exd6 26. Rxe8+ Bxe8 27. Rxe8+ Bf8 28. Kf1 Rc1+ 29. Re1 Rxe1+ 30. Kxe1 Bg7 31. b3 Bd4 32. g4 Kg7 33. Be4 Kf6 34. Ke2 Ke5 35. Bd3 Bb2 36. a4 Kd4 37. Bc4 f6 38. g3 g5 1/2-1/2

[Event "Campeonato de Aragon por Equipos 2025 - "]
[Site "?"]
[Date "2025.03.15"]
[Round "8.69"]
[White "Arinez Bruna, Octavio"]
[Black "Torcal Andolz, Alfonso"]
[Result "1-0"]
[WhiteElo "1914"]
[BlackElo "1684"]
[PlyCount "43"]
[GameId "2158178782183670"]
[EventDate "2025.01.25"]
[WhiteTeam "El Olivar B"]
[BlackTeam "Helios B"]

1. d4 d5 2. c4 dxc4 3. Nf3 Nf6 4. e3 e6 5. Bxc4 c5 6. O-O Nbd7 7. Nc3 a6 8. a4 b6 9. Qe2 cxd4 10. exd4 Bb7 11. d5 Qc7 12. dxe6 fxe6 13. Qxe6+ Be7 14. Qf7+ Kd8 15. Re1 Bd6 16. Bg5 Bxf3 17. gxf3 Ne5 18. Bxf6+ gxf6 19. Qxf6+ Kd7 20. Be6+ Kc6 21. Bd5+ Kd7 22. Qg7+ 1-0

[Event "Campeonato de Aragon por Equipos 2025 - "]
[Site "?"]
[Date "2025.03.15"]
[Round "8.70"]
[White "Garcia Modrego, Victoria"]
[Black "Vega Cieloszyk, Diego Piotr"]
[Result "1/2-1/2"]
[WhiteElo "1652"]
[BlackElo "1731"]
[PlyCount "118"]
[GameId "2158178782216439"]
[EventDate "2025.01.25"]
[WhiteTeam "Helios B"]
[BlackTeam "El Olivar B"]

1. e4 c5 2. c3 e5 3. Nf3 d6 4. Bc4 Be7 5. Qb3 Nh6 6. d3 O-O 7. Be3 Ng4 8. Bd2 Nc6 9. Qd1 Be6 10. Bxe6 fxe6 11. h3 Nf6 12. O-O Nh5 13. Nxe5 Nxe5 14. Qxh5 Nxd3 15. Qg4 Rf6 16. b3 Rg6 17. Qe2 Ne5 18. f4 Nc6 19. f5 exf5 20. Qc4+ Kh8 21. exf5 Rf6 22. Bg5 Rf8 23. Bxe7 Qxe7 24. Qd3 Qd7 25. Nd2 d5 26. Ne4 b6 27. Rad1 d4 28. f6 gxf6 29. Nxf6 Qg7 30. Nd5 Rg8 31. Rf2 dxc3 32. Qxc3 Qxc3 33. Nxc3 Nd4 34. Rdf1 a5 35. Na4 b5 36. Nxc5 Rac8 37. Rc1 a4 38. b4 Rcf8 39. Rd1 Nc6 40. a3 Ne5 41. Rdf1 Rxf2 42. Rxf2 Nc4 43. Rf3 Rd8 44. Rc3 Rd1+ 45. Kf2 Ra1 46. Nxa4 Rxa3 47. Rxa3 Nxa3 48. Nc3 Nc2 49. Nxb5 Nxb4 50. Kf3 Kg7 51. g4 Nd5 52. Ke4 Ne7 53. Nd6 Kg6 54. Nc4 Kg5 55. Kf3 h5 56. Ne5 hxg4+ 57. hxg4 Ng8 58. Nf7+ Kf6 59. Nd6 Nh6 1/2-1/2

[Event "Campeonato de Aragon por Equipos 2025 - "]
[Site "?"]
[Date "2025.03.22"]
[Round "9.1"]
[White "Cifuentes Parada, Roberto"]
[Black "Forcen Esteban, Daniel"]
[Result "1/2-1/2"]
[WhiteElo "2369"]
[BlackElo "2541"]
[PlyCount "154"]
[GameId "2166500344566414"]
[EventDate "2025.01.25"]
[WhiteTeam "Jaque - Aramovil"]
[BlackTeam "Jaime Casas"]

1. d4 Nf6 2. Nf3 e6 3. Bg5 c5 4. e3 h6 5. Bh4 Nc6 6. c3 cxd4 7. exd4 d6 8. Nbd2 g5 9. Bg3 Nh5 10. Nc4 g4 11. Bh4 Be7 12. Bxe7 Qxe7 13. Nfd2 Nf6 14. Be2 Rg8 15. Qb3 d5 16. Ne3 Qc7 17. O-O Bd7 18. Qa3 O-O-O 19. b4 Kb8 20. b5 Na5 21. Nb3 Nc4 22. Bxc4 dxc4 23. Nc5 Bc8 24. Nxc4 Nd5 25. Rab1 Rg5 26. Ne5 f6 27. Ned3 b6 28. c4 Nf4 29. Nxf4 Qxf4 30. Na6+ Bxa6 31. bxa6 Qxd4 32. Qe7 Rd7 33. Qxe6 Rc5 34. Rbe1 Rxc4 35. Re4 Qxe4 36. Qxd7 Rd4 37. Qg7 Qd5 38. Qxf6 Rd1 39. Qf4+ Qd6 40. Qxg4 Rxf1+ 41. Kxf1 Qd3+ 42. Ke1 Qc3+ 43. Ke2 Qc2+ 44. Ke3 Qc5+ 45. Qd4 Qa3+ 46. Kf4 Qxa6 47. a4 Qf1 48. Kg3 Kb7 49. Qg7+ Ka6 50. Qxh6 Ka5 51. Qf4 Qd3+ 52. f3 Qg6+ 53. Qg4 Qd6+ 54. Kh3 Qh6+ 55. Kg3 Qd6+ 56. Qf4 Qg6+ 57. Kh4 Qxg2 58. Qg5+ Qxg5+ 59. Kxg5 Kxa4 60. h4 b5 61. h5 b4 62. h6 b3 63. h7 b2 64. h8=Q b1=Q 65. Qd4+ Kb3 66. Qxa7 Qf1 67. Qe3+ Ka2 68. f4 Qg2+ 69. Kf6 Qb2+ 70. Qe5 Qh2 71. Qe6+ Ka3 72. Qe3+ Ka2 73. f5 Qh8+ 74. Kg6 Qg8+ 75. Kh5 Qf7+ 76. Kg4 Qc4+ 77. Kh3 Qf1+ 1/2-1/2

[Event "Campeonato de Aragon por Equipos 2025 - "]
[Site "?"]
[Date "2025.03.22"]
[Round "9.2"]
[White "Antoli Royo, Joaquin Miguel"]
[Black "Lana Rodriguez, David"]
[Result "1-0"]
[WhiteElo "2411"]
[BlackElo "2352"]
[PlyCount "57"]
[GameId "2166500344599183"]
[EventDate "2025.01.25"]
[WhiteTeam "Jaime Casas"]
[BlackTeam "Jaque - Aramovil"]

1. Nf3 d5 2. g3 Nf6 3. Bg2 e6 4. O-O Bd6 5. d3 O-O 6. Nbd2 Nc6 7. e4 dxe4 8. dxe4 e5 9. c3 a5 10. Qc2 Bc5 11. Nc4 Qe7 12. Nh4 Be6 13. Nf5 Qe8 14. Qe2 Qc8 15. Be3 Bxc4 16. Qxc4 Bxe3 17. Nxe3 Qe6 18. Qb5 b6 19. f4 Rfd8 20. Nd5 Na7 21. Qe2 Ne8 22. Qh5 g6 23. Qh4 c6 24. f5 gxf5 25. exf5 Qd6 26. Ne7+ Kh8 27. f6 Qd2 28. Be4 h6 29. Rf4 1-0

[Event "Campeonato de Aragon por Equipos 2025 - "]
[Site "?"]
[Date "2025.03.22"]
[Round "9.3"]
[White "Escartin Lacasa, Jose"]
[Black "Ramiro Ovejero, Juan Luis"]
[Result "0-1"]
[WhiteElo "2296"]
[BlackElo "2315"]
[PlyCount "74"]
[GameId "2166500344693392"]
[EventDate "2025.01.25"]
[WhiteTeam "Jaque - Aramovil"]
[BlackTeam "Jaime Casas"]

1. d4 d5 2. Nf3 Nf6 3. c4 e6 4. g3 h6 5. Bg2 Bd6 6. O-O O-O 7. Nc3 Nc6 8. b3 Re8 9. Bf4 Bxf4 10. gxf4 b6 11. Rc1 Bb7 12. Ne5 Ne7 13. b4 Ne4 14. c5 f6 15. Nf3 a5 16. a3 axb4 17. axb4 g5 18. fxg5 hxg5 19. Nxe4 dxe4 20. Nd2 f5 21. Nc4 Ng6 22. e3 g4 23. h3 gxh3 24. Qh5 Kg7 25. Qxh3 Rh8 26. Qg3 Rh5 27. cxb6 Rg5 28. bxc7 Qf6 29. Nd6 Rxg3 30. fxg3 Qg5 31. Rf2 Qxe3 32. Rcc2 Ra1+ 33. Kh2 Qh6+ 34. Bh3 Rh1+ 35. Kxh1 Qxh3+ 36. Kg1 Qxg3+ 37. Rg2 Qxd6 0-1

[Event "Campeonato de Aragon por Equipos 2025 - "]
[Site "?"]
[Date "2025.03.22"]
[Round "9.4"]
[White "Newrkla, Katharina"]
[Black "Zazuliak, Kostiantyn"]
[Result "1-0"]
[WhiteElo "2219"]
[BlackElo "1868"]
[PlyCount "75"]
[GameId "2166500344730257"]
[EventDate "2025.01.25"]
[WhiteTeam "Jaime Casas"]
[BlackTeam "Jaque - Aramovil"]

1. e4 c5 2. Nf3 d6 3. d4 cxd4 4. Nxd4 Nf6 5. Nc3 g6 6. Be3 Bg7 7. f3 O-O 8. Qd2 Nc6 9. O-O-O d5 10. exd5 Nxd5 11. Nxc6 bxc6 12. Bd4 e5 13. Bc5 Be6 14. Ne4 Re8 15. Bc4 Qh4 16. g3 Qh6 17. Ng5 Rab8 18. Bb3 a5 19. a4 Bf5 20. h4 Red8 21. g4 Bc8 22. Qxa5 Bf6 23. Qd2 Ba6 24. Ne4 Qxd2+ 25. Rxd2 Bg7 26. Rhd1 f5 27. Nc3 Rxb3 28. cxb3 Bb7 29. Kc2 Kf7 30. gxf5 gxf5 31. Rg2 Bf6 32. b4 Rc8 33. Kb3 Ke6 34. Rdg1 Kf7 35. h5 Nf4 36. Rd2 Ke6 37. Rd6+ Ke7 38. Rgd1 1-0

[Event "Campeonato de Aragon por Equipos 2025 - "]
[Site "?"]
[Date "2025.03.22"]
[Round "9.5"]
[White "Adla, Diego"]
[Black "Baron Rodriguez, Jesus"]
[Result "1/2-1/2"]
[WhiteElo "2390"]
[BlackElo "2401"]
[PlyCount "90"]
[GameId "2166500344783506"]
[EventDate "2025.01.25"]
[WhiteTeam "MyInvestor Casablanca A"]
[BlackTeam "Iberajedrez Mundo 64"]

1. c4 e6 2. Nc3 d5 3. d4 Nf6 4. cxd5 exd5 5. Bg5 c6 6. e3 Be7 7. Qc2 O-O 8. Bd3 Nbd7 9. Nge2 Re8 10. O-O Nf8 11. Rae1 Ng6 12. h3 Ne4 13. Bxe7 Qxe7 14. f3 Nxc3 15. Nxc3 Qg5 16. f4 Qg3 17. Qf2 Qxf2+ 18. Kxf2 f5 19. b4 Bd7 20. b5 Ne7 21. bxc6 Bxc6 22. Rb1 a6 23. Rfc1 Rac8 24. Ne2 b5 25. Rb3 Kf7 26. Rbc3 Ke6 27. g4 Kd6 28. gxf5 Bd7 29. Ng3 Rf8 30. Rc5 Rxc5 31. Rxc5 Bc6 32. Kf3 Rf7 33. h4 Ng8 34. e4 dxe4+ 35. Bxe4 Bd7 36. Bd5 Rf8 37. Ne4+ Ke7 38. Rc7 Kd8 39. Ra7 Ne7 40. Nc5 Bxf5 41. Be6 Rf6 42. d5 Bxe6 43. dxe6 Ng6 44. Ke4 Rxf4+ 45. Ke3 Rc4 1/2-1/2

[Event "Campeonato de Aragon por Equipos 2025 - "]
[Site "?"]
[Date "2025.03.22"]
[Round "9.6"]
[White "Villalba Embid, Marcos"]
[Black "Glavina, Pablo"]
[Result "1-0"]
[WhiteElo "2192"]
[BlackElo "2359"]
[PlyCount "123"]
[GameId "2166500344820371"]
[EventDate "2025.01.25"]
[WhiteTeam "Iberajedrez Mundo 64"]
[BlackTeam "MyInvestor Casablanca A"]

1. c4 e6 2. Nc3 d5 3. d4 c5 4. cxd5 cxd4 5. Qxd4 Nc6 6. Qd2 exd5 7. Qxd5 Qc7 8. Nf3 Nf6 9. Qd1 Bb4 10. e3 O-O 11. Be2 Ne4 12. Bd2 Nxd2 13. Qxd2 Rd8 14. Qc2 Qa5 15. O-O Bf5 16. Qb3 Be6 17. Bc4 Bxc4 18. Qxc4 Rac8 19. Qb3 Bxc3 20. bxc3 b6 21. Rfd1 Qc5 22. Rxd8+ Rxd8 23. Nd4 g6 24. h3 Ne7 25. Rd1 Rd5 26. Qa4 b5 27. Qb3 a5 28. Rb1 Kf8 29. Nxb5 Rd2 30. Nd4 Nc6 31. Rd1 Rxd1+ 32. Qxd1 Ne5 33. Qb3 Kg7 34. Qb5 Qc7 35. Qd5 Nc4 36. Nc6 Nd6 37. c4 a4 38. c5 Nb7 39. Qd4+ Kg8 40. Qxa4 Nxc5 41. Qb5 Nb7 42. a4 Qd7 43. Qd5 Qxd5 44. Ne7+ Kg7 45. Nxd5 f5 46. h4 Kf7 47. Nf4 Ke7 48. Nh3 h6 49. Nf4 g5 50. hxg5 hxg5 51. Nh3 g4 52. Nf4 Kd6 53. Kh2 Kc6 54. Ne6 Kd5 55. Ng7 Ke5 56. Kg3 Kf6 57. Nh5+ Ke5 58. Kh4 Nd6 59. a5 Kd5 60. Ng3 Kc5 61. Kg5 Kb5 62. Kf6 1-0

[Event "Campeonato de Aragon por Equipos 2025 - "]
[Site "?"]
[Date "2025.03.22"]
[Round "9.7"]
[White "Quintin Navarro, Alberto"]
[Black "Garcia Acin, Pablo"]
[Result "1-0"]
[WhiteElo "2350"]
[BlackElo "2069"]
[PlyCount "69"]
[GameId "2166500344857236"]
[EventDate "2025.01.25"]
[WhiteTeam "MyInvestor Casablanca A"]
[BlackTeam "Iberajedrez Mundo 64"]

1. e4 c5 2. Nf3 d6 3. Bb5+ Nd7 4. O-O a6 5. Bd3 Ngf6 6. c3 b5 7. Bc2 Bb7 8. Re1 e6 9. d4 Be7 10. Nbd2 O-O 11. Nf1 Qc7 12. Ng3 Rac8 13. Bd3 Rfd8 14. Qe2 Nf8 15. Bd2 Qb6 16. Bg5 Rd7 17. Rad1 Rcd8 18. h4 h6 19. Bc1 c4 20. Bc2 a5 21. Nh2 Ba6 22. Kh1 b4 23. f4 Rc7 24. h5 a4 25. a3 bxc3 26. bxc3 Qa5 27. Qf3 Rb8 28. e5 Bb7 29. Qe2 Nd5 30. f5 Nxc3 31. Qg4 Nxd1 32. Rxd1 Nh7 33. Bxh6 Bf8 34. Bxg7 exf5 35. Nxf5 1-0

[Event "Campeonato de Aragon por Equipos 2025 - "]
[Site "?"]
[Date "2025.03.22"]
[Round "9.8"]
[White "Martinez Cebolla, Alberto"]
[Black "Vela Frago, Alberto"]
[Result "0-1"]
[WhiteElo "2044"]
[BlackElo "2256"]
[PlyCount "92"]
[GameId "2166500344898197"]
[EventDate "2025.01.25"]
[WhiteTeam "Iberajedrez Mundo 64"]
[BlackTeam "MyInvestor Casablanca A"]

1. e4 e5 2. Nf3 Nc6 3. d4 exd4 4. Nxd4 Qf6 5. Be3 Bc5 6. c3 Nge7 7. g3 h5 8. h3 d5 9. Bg2 Nxd4 10. cxd4 Bb4+ 11. Nc3 c6 12. Qa4 Bxc3+ 13. bxc3 dxe4 14. Bxe4 Bf5 15. Qc2 Bxe4 16. Qxe4 Qf5 17. Qxf5 Nxf5 18. Bf4 O-O-O 19. O-O-O f6 20. h4 Rhe8 21. Rhe1 Rxe1 22. Rxe1 Kd7 23. Kc2 b5 24. a3 Ne7 25. Kd3 Nd5 26. Bd2 Nb6 27. Rb1 a6 28. Bf4 Re8 29. Be3 a5 30. Bf4 a4 31. Rg1 Nc4 32. Bc1 Kd6 33. g4 hxg4 34. Rxg4 Re7 35. h5 Kd5 36. Rg6 Re1 37. Bf4 Rd1+ 38. Kc2 Rh1 39. h6 Nxa3+ 40. Kb2 Nc4+ 41. Ka2 gxh6 42. Bxh6 Re1 43. Rxf6 Re2+ 44. Ka1 Na5 45. Bf8 Kc4 46. Bb4 Kb3 0-1

[Event "Campeonato de Aragon por Equipos 2025 - "]
[Site "?"]
[Date "2025.03.22"]
[Round "9.9"]
[White "Chueca Forcen, Alberto"]
[Black "Ruiz Fernandez, Daniel"]
[Result "1-0"]
[WhiteElo "2270"]
[BlackElo "2165"]
[PlyCount "61"]
[GameId "2166500344947350"]
[EventDate "2025.01.25"]
[WhiteTeam "Teruel"]
[BlackTeam "MyInvestor Casablanca B"]

1. Nc3 d5 2. d4 Nf6 3. Bf4 a6 4. e3 b5 5. h4 e6 6. g4 b4 7. Na4 Bd7 8. c4 dxc4 9. Bxc4 Bb5 10. b3 Bd6 11. Nh3 O-O 12. Qe2 Bxa4 13. bxa4 Nd5 14. Bg5 Qd7 15. e4 Nc3 16. Qd3 Qc6 17. f3 h6 18. e5 hxg5 19. Nxg5 g6 20. Bxe6 Kg7 21. h5 Nxa4 22. hxg6 fxe6 23. Nxe6+ Kg8 24. Rh8+ Kxh8 25. g7+ Kg8 26. gxf8=R+ Bxf8 27. Qg6+ Kh8 28. Qf6+ Kh7 29. Ng5+ Kg8 30. Qf7+ Kh8 31. Qh7# 1-0

[Event "Campeonato de Aragon por Equipos 2025 - "]
[Site "?"]
[Date "2025.03.22"]
[Round "9.10"]
[White "Lorente Melcon, Maximo"]
[Black "Cabrera Moreno, Daniel"]
[Result "1-0"]
[WhiteElo "2138"]
[BlackElo "2132"]
[PlyCount "95"]
[GameId "2166500344988311"]
[EventDate "2025.01.25"]
[WhiteTeam "MyInvestor Casablanca B"]
[BlackTeam "Teruel"]

1. e4 e5 2. Nf3 Nc6 3. Bb5 a6 4. Ba4 Nf6 5. O-O b5 6. Bb3 Be7 7. Re1 d6 8. c3 O-O 9. d3 Nd7 10. Nbd2 Bf6 11. Nf1 Ne7 12. Ne3 Nc5 13. Bc2 Ne6 14. d4 Ng6 15. g3 c5 16. d5 Nc7 17. h4 Ne7 18. h5 g6 19. h6 Kh8 20. Kg2 Ng8 21. Rh1 Be7 22. b4 c4 23. g4 f6 24. Kg3 Rf7 25. Nh4 Bf8 26. Neg2 Ne7 27. Ne3 Bd7 28. Nhg2 Ng8 29. Nf1 Qc8 30. f4 Ne8 31. Be3 Be7 32. a4 Bd8 33. Nd2 Ne7 34. Qe2 f5 35. exf5 gxf5 36. g5 Nxd5 37. Qh5 Rf8 38. Nf3 Nec7 39. Bf2 Rg8 40. Kh2 Ne6 41. fxe5 Ndf4 42. Nxf4 Nxf4 43. Qh4 Ng6 44. Qd4 Bb6 45. Qxb6 Bc6 46. exd6 Bxf3 47. Qd4+ Rg7 48. Qxg7# 1-0

[Event "Campeonato de Aragon por Equipos 2025 - "]
[Site "?"]
[Date "2025.03.22"]
[Round "9.11"]
[White "Dominguez Bujeda, Jesus"]
[Black "Conon, Catalin"]
[Result "0-1"]
[WhiteElo "2059"]
[BlackElo "2072"]
[PlyCount "82"]
[GameId "2166500345037464"]
[EventDate "2025.01.25"]
[WhiteTeam "Teruel"]
[BlackTeam "MyInvestor Casablanca B"]

1. c4 e6 2. Nc3 d5 3. d4 Bb4 4. Qa4+ Nc6 5. Nf3 Nf6 6. cxd5 exd5 7. Bg5 h6 8. Bxf6 Qxf6 9. Ne5 a5 10. e3 O-O 11. Nxc6 Bd7 12. Bb5 bxc6 13. Be2 Rfe8 14. O-O Qg5 15. Bf3 Re7 16. Qd1 Rb8 17. Na4 Bf5 18. Rc1 Re6 19. Nc5 Rg6 20. Nd3 Bd6 21. g3 Bxd3 22. Qxd3 Rxb2 23. Qc3 Rb6 24. Qxa5 h5 25. Qa8+ Kh7 26. Rb1 h4 27. Rxb6 cxb6 28. Qxc6 hxg3 29. hxg3 Bxg3 30. Qxd5 Bh2+ 31. Kh1 f5 32. Rb1 Bg1 33. Bg2 Bxf2 34. Qf3 Rh6+ 35. Bh3 Bxe3 36. Rd1 Qg4 37. Qxg4 fxg4 38. d5 Bc5 39. d6 Bxd6 40. Rxd6 Rxd6 41. Bxg4 Rd2 0-1